Music and mathematics : (Record no. 29747)
[ view plain ]
| 000 -LEADER | |
|---|---|
| fixed length control field | 00663 a2200193 4500 |
| 020 ## - INTERNATIONAL STANDARD BOOK NUMBER | |
| International Standard Book Number | 0199298939 |
| 020 ## - INTERNATIONAL STANDARD BOOK NUMBER | |
| International Standard Book Number | 9780199298938 |
| 082 ## - DEWEY DECIMAL CLASSIFICATION NUMBER | |
| Classification number | 781.2 |
| 090 ## - LOCALLY ASSIGNED LC-TYPE CALL NUMBER (OCLC); LOCAL CALL NUMBER (RLIN) | |
| -- | 1133 |
| -- | 1133 |
| 100 ## - MAIN ENTRY--PERSONAL NAME | |
| Personal name | Fauvel, John. |
| 245 10 - TITLE STATEMENT | |
| Title | Music and mathematics : |
| Remainder of title | from pythagoras to fractals / |
| Statement of responsibility, etc. | John Fauvel, Raymond Flood, Robin Wilson. |
| 260 ## - PUBLICATION, DISTRIBUTION, ETC. | |
| Place of publication, distribution, etc. | [S.l.] : |
| Name of publisher, distributor, etc. | Oxford University Press, USA, |
| Date of publication, distribution, etc. | 2003. |
| 300 ## - PHYSICAL DESCRIPTION | |
| Extent | 200 p. ; |
| Dimensions | 25 cm. |
| 700 1# - ADDED ENTRY--PERSONAL NAME | |
| Personal name | Fauvel, John. |
| 700 1# - ADDED ENTRY--PERSONAL NAME | |
| Personal name | Flood, Raymond. |
| 700 1# - ADDED ENTRY--PERSONAL NAME | |
| Personal name | Wilson, Robin. |
| 942 ## - ADDED ENTRY ELEMENTS (KOHA) | |
| Institution code [OBSOLETE] | SNS |
| Koha item type | Book |
| Call number prefix | 781.2 FAU |
| Withdrawn status | Lost status | Damaged status | Not for loan | Permanent Location | Current Location | Date acquired | Total Checkouts | Full call number | Barcode | Date last seen | Price effective from | Koha item type |
|---|---|---|---|---|---|---|---|---|---|---|---|---|
| School of Natural Sciences (SNS) | School of Natural Sciences (SNS) | 05/26/2016 | 781.2 FAU | SNS0001642 | 05/26/2016 | 05/26/2016 | Book |
